[Event "BCF-chT2d 1415 (4NCL) Demotion pool"]
[Site "England"]
[Date "2015.03.29"]
[Round "8.20"]
[White "Grove, Michael"]
[Black "Foley, John P"]
[Result "1-0"]
[WhiteElo "2050"]
[BlackElo "1985"]
[PlyCount "109"]
[EventDate "2015.03.29"]
[EventType "team-tourn"]
[EventRounds "11"]
[EventCountry "ENG"]
[SourceTitle "EXT 2016"]
[Source "ChessBase"]
[SourceDate "2015.10.08"]
[SourceVersion "1"]
[SourceVersionDate "2015.10.08"]
[SourceQuality "1"]
[WhiteTeam "KJCA Kings"]
[BlackTeam "BCM Dragons"]
[WhiteTeamCountry "ENG"]
[BlackTeamCountry "ENG"]

1. e4 c6 2. c4 d5 3. exd5 cxd5 4. cxd5 Nf6 5. Qa4+ Nbd7 6. Nc3 g6 7. Bc4 Bg7 8. d3 0-0 9. Nf3 a6 10. Qa3 Nb6 11. Qb3 e6 12. dxe6 Re8 13. Be3 Bxe6 14. Bxe6 Rxe6 15. Ng5 Re7 16. 0-0 Nbd5 17. Nxd5 Qxd5 18. Nf3 Qxb3 19. axb3 Nd5 20. Bc5 Re2 21. Ba3 Bxb2 22. Ra2 Bxa3 23. Rxe2 Nf4 24. Ra2 Bb4 25. Rd1 Rd8 26. d4 a5 27. Rc2 Rd7 28. Ne5 Rd5 29. Ng4 Kg7 30. Kf1 h5 31. Ne3 Rd7 32. d5 h4 33. Rc4 Bd6 34. Rdd4 Nh5 35. Rxh4 Nf6 36. Rhd4 b5 37. Rc6 Be5 38. Rd1 a4 39. bxa4 bxa4 40. g3 a3 41. Nc4 Bb2 42. d6 Ne4 43. Rc7 Nxd6 44. Rxd7 Nxc4 45. Ra7 Ne5 46. Ke2 g5 47. f4 gxf4 48. gxf4 Nc6 49. Ra4 f6 50. Rg1+ Kf7 51. Rd1 Kg6 52. Kf3 Kf5 53. h4 Ne7 54. h5 Ng8 55. Rd6 1-0

[Event "BCF-chT2a 1415 (4NCL)"]
[Site "England"]
[Date "2015.03.28"]
[Round "7.246"]
[White "Smith, Olivia"]
[Black "Grove, Michael"]
[Result "1/2-1/2"]
[WhiteElo "1996"]
[BlackElo "2055"]
[PlyCount "86"]
[EventDate "2014.11.15"]
[EventType "team-tourn"]
[EventRounds "7"]
[EventCountry "ENG"]
[SourceTitle "EXT 2016"]
[Source "ChessBase"]
[SourceDate "2015.10.08"]
[SourceVersion "1"]
[SourceVersionDate "2015.10.08"]
[SourceQuality "1"]
[WhiteTeam "Rhyfelwyr Essyllwg"]
[BlackTeam "KJCA Kings"]
[WhiteTeamCountry "ENG"]
[BlackTeamCountry "ENG"]

1. e4 e5 2. Nf3 Nc6 3. Bc4 Nf6 4. d3 Bc5 5. c3 d6 6. a4 a5 7. 0-0 0-0 8. Nbd2 Bb6 9. h3 h6 10. Re1 Nh5 11. d4 Qf6 12. Nxe5 dxe5 13. Qxh5 exd4 14. e5 Qf5 15. Qxf5 Bxf5 16. Nf3 Be6 17. Bb5 Rfd8 18. Bxc6 bxc6 19. cxd4 Bxd4 20. Nxd4 Rxd4 21. Be3 Rb4 22. Rec1 Bd5 23. Rc2 Re4 24. Rc5 Rxe5 25. Bd2 Re2 26. Bxa5 Rxb2 27. Bxc7 f6 28. a5 Rb5 29. Rac1 Kf7 30. Bb6 Rb2 31. R5c3 g5 32. Re3 Re8 33. Ra3 Ra8 34. Bd4 Rb4 35. Bc5 Rc4 36. Rxc4 Bxc4 37. Bb6 Bb5 38. Ra2 Ke6 39. Kh2 h5 40. Kg3 h4+ 41. Kh2 Ba6 42. g3 hxg3+ 43. fxg3 Bc4 1/2-1/2

[Event "Marianske Lazne op 14th"]
[Site "Marianske Lazne"]
[Date "2015.01.20"]
[Round "5"]
[White "Klucznik, Andre"]
[Black "Grove, Michael"]
[Result "0-1"]
[WhiteElo "1782"]
[BlackElo "2081"]
[PlyCount "66"]
[EventDate "2015.01.17"]
[EventType "swiss"]
[EventRounds "9"]
[EventCountry "CZE"]
[SourceTitle "CBM 164 Extra"]
[Source "ChessBase"]
[SourceDate "2015.03.02"]
[SourceVersion "1"]
[SourceVersionDate "2015.03.02"]
[SourceQuality "1"]

1. e4 e5 2. Nf3 Nc6 3. Bb5 f5 4. 0-0 fxe4 5. Bxc6 exf3 6. Bxf3 Nf6 7. Re1 Be7 8. Rxe5 0-0 9. d4 d5 10. Nc3 c6 11. Bg5 Bd6 12. Re1 Qc7 13. h3 Bf5 14. Rc1 b5 15. a3 Rab8 16. Bxf6 Rxf6 17. Bxd5+ Kh8 18. Be4 Bd7 19. Qd3 Rbf8 20. Nd1 Be6 21. d5 cxd5 22. Bxd5 Bh2+ 23. Kh1 Rd8 24. Qb3 Rxd5 25. Rxe6 Rxe6 26. Ne3 Rde5 27. Qb4 Re8 28. Ng4 Re4 29. Qd2 Bf4 30. Ne3 Bxe3 31. fxe3 Rxe3 32. Rf1 h6 33. Qf2 Qe5 0-1

[Event "Prague op-A 14th"]
[Site "Prague"]
[Date "2015.01.12"]
[Round "5"]
[White "Grove, Michael"]
[Black "Lundin, Jan"]
[Result "1/2-1/2"]
[WhiteElo "2081"]
[BlackElo "2271"]
[PlyCount "63"]
[EventDate "2015.01.09"]
[EventType "swiss"]
[EventRounds "9"]
[EventCountry "CZE"]
[SourceTitle "CBM 164 Extra"]
[Source "ChessBase"]
[SourceDate "2015.03.02"]
[SourceVersion "1"]
[SourceVersionDate "2015.03.02"]
[SourceQuality "1"]

1. e4 e5 2. Nf3 Nc6 3. d4 exd4 4. Nxd4 Nf6 5. Nxc6 bxc6 6. Bd3 d6 7. 0-0 Be7 8. f4 0-0 9. Nc3 Nd7 10. Be3 a5 11. Ne2 Bf6 12. Nd4 Nc5 13. Nxc6 Qe8 14. e5 Nxd3 15. cxd3 Bb7 16. Qd2 dxe5 17. fxe5 Bxe5 18. Nxa5 Bxh2+ 19. Kxh2 Qe5+ 20. Bf4 Qh5+ 21. Kg1 Rxa5 22. b4 Ra6 23. Rac1 Bd5 24. Rc5 Rfa8 25. Ra5 Rxa5 26. bxa5 c6 27. Re1 h6 28. Bc7 Qg4 29. Bb6 Qa4 30. Re2 Qb5 31. Qc2 Rc8 32. Re5 1/2-1/2

[Event "Plzen op 6th"]
[Site "Plzen"]
[Date "2014.11.28"]
[Round "6"]
[White "Stengl, Jaroslav"]
[Black "Grove, Michael"]
[Result "1-0"]
[WhiteElo "2024"]
[BlackElo "2083"]
[PlyCount "59"]
[EventDate "2014.11.23"]
[EventType "swiss"]
[EventRounds "7"]
[EventCountry "CZE"]
[SourceTitle "CBM 163 Extra"]
[Source "ChessBase"]
[SourceDate "2014.12.23"]
[SourceVersion "1"]
[SourceVersionDate "2014.12.23"]
[SourceQuality "1"]

1. c4 b6 2. Nc3 Nf6 3. d4 Bb7 4. e3 e6 5. Nf3 Be7 6. Bd3 c5 7. 0-0 Nc6 8. d5 Nb4 9. e4 d6 10. a3 Nxd3 11. Qxd3 0-0 12. h3 a6 13. Be3 e5 14. b4 Bc8 15. Rfd1 Ne8 16. Nh2 Bg5 17. Bxg5 Qxg5 18. Na4 Rb8 19. bxc5 bxc5 20. Rab1 Rxb1 21. Rxb1 f5 22. f3 Qg3 23. Nf1 fxe4 24. Nxg3 exd3 25. Kf2 Nf6 26. Ke3 g6 27. Rb6 Bf5 28. Rxd6 Kg7 29. Nxc5 Rb8 30. Nxf5+ 1-0

[Event "Brno op 5th"]
[Site "Brno"]
[Date "2014.11.17"]
[Round "3"]
[White "Grove, Michael"]
[Black "Bartos, Jan"]
[Result "0-1"]
[WhiteElo "2083"]
[BlackElo "2194"]
[PlyCount "58"]
[EventDate "2014.11.15"]
[EventType "swiss"]
[EventRounds "9"]
[EventCountry "CZE"]
[SourceTitle "CBM 163 Extra"]
[Source "ChessBase"]
[SourceDate "2014.12.23"]
[SourceVersion "1"]
[SourceVersionDate "2014.12.23"]
[SourceQuality "1"]

1. e4 e5 2. Nf3 Nc6 3. d4 exd4 4. Nxd4 Nf6 5. Nxc6 bxc6 6. e5 Qe7 7. Qe2 Nd5 8. c4 Ba6 9. Nd2 g6 10. Ne4 Bg7 11. Bg5 Qxe5 12. Nc5 Nb4 13. Kd2 Qxe2+ 14. Bxe2 Bc8 15. Ne4 f5 16. Nc3 a5 17. a3 Na6 18. b4 0-0 19. Bf3 Rb8 20. b5 Nc5 21. Rab1 Ne6 22. Be3 f4 23. Ba7 Rb7 24. b6 Bd4 25. Na4 Bxf2 26. Bg4 Be3+ 27. Ke2 Nc5 28. Nc3 Bd4 29. Kd2 Bxc3+ 0-1

[Event "Brno op 5th"]
[Site "Brno"]
[Date "2014.11.16"]
[Round "2"]
[White "Constantinou, Peter"]
[Black "Grove, Michael"]
[Result "1/2-1/2"]
[WhiteElo "2298"]
[BlackElo "2083"]
[PlyCount "134"]
[EventDate "2014.11.15"]
[EventType "swiss"]
[EventRounds "9"]
[EventCountry "CZE"]
[SourceTitle "CBM 163 Extra"]
[Source "ChessBase"]
[SourceDate "2014.12.23"]
[SourceVersion "1"]
[SourceVersionDate "2014.12.23"]
[SourceQuality "1"]

1. d4 Nf6 2. Nf3 g6 3. c4 Bg7 4. g3 c5 5. d5 0-0 6. Bg2 d6 7. Nc3 e6 8. 0-0 exd5 9. cxd5 Bd7 10. a4 Na6 11. Nd2 Re8 12. Nc4 Bf5 13. f3 Nc7 14. e4 Bc8 15. Bf4 Bf8 16. Qd2 b6 17. Rfe1 Ba6 18. b3 Bxc4 19. bxc4 Nd7 20. Bg5 f6 21. Be3 Ne5 22. Qe2 Bg7 23. f4 Nf7 24. Qc2 Na6 25. Bh3 Nb4 26. Qd2 f5 27. exf5 gxf5 28. Rac1 Qf6 29. Nb5 Re7 30. Bd4 cxd4 31. Rxe7 Qxe7 32. Re1 Qd7 33. Qxb4 a6 34. Na3 Re8 35. Rd1 Qe7 36. Nc2 d3 37. Rxd3 Qe2 38. Qd2 Qe4 39. Na3 Nh6 40. Bg2 Qe1+ 41. Qxe1 Rxe1+ 42. Kf2 Ra1 43. h3 Bb2 44. Nc2 Rxa4 45. Rb3 Ra2 46. Ke3 Bf6 47. Kd3 Rb2 48. Rxb2 Bxb2 49. Nb4 a5 50. Nc6 Kf7 51. Kc2 Ba1 52. Kb3 Ng8 53. Ka4 Nf6 54. Kb5 Nd7 55. Bf1 Bc3 56. Bd3 Kf6 57. g4 fxg4 58. hxg4 h6 59. Bc2 Bb2 60. Na7 Bc1 61. f5 Be3 62. Nc8 Bc5 63. Bd1 Ne5 64. Be2 Nd7 65. Bd1 Ne5 66. Be2 Nd7 67. Kc6 Ne5+ 1/2-1/2

[Event "Tatry op"]
[Site "Tatranske Zruby"]
[Date "2014.09.29"]
[Round "2"]
[White "Grove, Michael"]
[Black "Kubik, Michael"]
[Result "1/2-1/2"]
[WhiteElo "2041"]
[BlackElo "2177"]
[PlyCount "46"]
[EventDate "2014.09.28"]
[EventType "swiss"]
[EventRounds "9"]
[EventCountry "SVK"]
[SourceTitle "CBM 162 Extra"]
[Source "ChessBase"]
[SourceDate "2014.10.17"]
[SourceVersion "1"]
[SourceVersionDate "2014.10.17"]
[SourceQuality "1"]

1. e4 c5 2. b4 cxb4 3. a3 d5 4. exd5 Qxd5 5. Nf3 e5 6. Bb2 Nc6 7. c4 Qe6 8. Bd3 Bc5 9. 0-0 Nge7 10. Re1 f6 11. Bf1 Qf7 12. d4 exd4 13. Nxd4 0-0 14. Nb3 bxa3 15. Nxa3 Bb4 16. Re3 Nf5 17. Re4 Be6 18. Nc2 Nd6 19. Rxe6 Qxe6 20. Qd5 Kf7 21. Qh5+ Kg8 22. Qd5 Kf7 23. Qh5+ Kg8 1/2-1/2

[Event "Pardubice op rap 25th"]
[Site "Pardubice"]
[Date "2014.07.17"]
[Round "6"]
[White "Vykydal, Frantisek"]
[Black "Grove, Michael"]
[Result "0-1"]
[WhiteElo "2117"]
[BlackElo "2064"]
[PlyCount "53"]
[EventDate "2014.07.16"]
[EventType "swiss (rapid)"]
[EventRounds "9"]
[EventCountry "CZE"]
[SourceTitle "EXT 2015"]
[Source "ChessBase"]
[SourceDate "2014.11.20"]
[SourceVersion "1"]
[SourceVersionDate "2014.11.20"]
[SourceQuality "1"]

1. e4 e5 2. Nf3 Nc6 3. Bb5 a6 4. Ba4 Nf6 5. Bxc6 dxc6 6. d3 Qd6 7. Nbd2 Be6 8. b3 b5 9. a4 Nd7 10. axb5 cxb5 11. Bb2 Be7 12. 0-0 0-0 13. d4 exd4 14. Nxd4 c5 15. Nxe6 Qxe6 16. Nf3 Rfd8 17. Qe2 h6 18. Rfe1 Nb6 19. e5 Nd5 20. Qe4 Nb4 21. Bc3 Rac8 22. Bxb4 cxb4 23. Nd4 Qd5 24. Qxd5 Rxd5 25. Nf5 Bf8 26. Rxa6 Rxc2 27. Ne3 0-1

[Event "Commonwealth-ch"]
[Site "Glasgow"]
[Date "2014.07.08"]
[Round "9"]
[White "Grove, Michael"]
[Black "Scott, Ian"]
[Result "1-0"]
[WhiteElo "2064"]
[BlackElo "1677"]
[PlyCount "99"]
[EventDate "2014.06.30"]
[EventType "swiss"]
[EventRounds "9"]
[EventCountry "SCO"]
[SourceTitle "CBM 161 Extra"]
[Source "ChessBase"]
[SourceDate "2014.08.29"]
[SourceVersion "1"]
[SourceVersionDate "2014.08.29"]
[SourceQuality "1"]

1. e4 g6 2. d4 Bg7 3. Be3 c6 4. Qd2 d5 5. e5 Qb6 6. c4 h5 7. Nc3 e6 8. f4 Nh6 9. Nf3 Ng4 10. Bg1 Nd7 11. Bd3 0-0 12. h3 Nh6 13. g4 Re8 14. 0-0-0 Nf8 15. Bf2 Qc7 16. gxh5 dxc4 17. Bxc4 gxh5 18. Rhg1 Kh8 19. Rg5 Nf5 20. Rxh5+ Kg8 21. Ne4 Ng6 22. Nfg5 b5 23. Bb3 a5 24. Nh7 Rd8 25. Nef6+ Bxf6 26. Nxf6+ Kf8 27. Ne4 Bb7 28. Nc5 Bc8 29. Rg1 Qe7 30. Qd1 Kg7 31. Rhg5 Rh8 32. h4 Kf8 33. Qg4 Ke8 34. h5 Nf8 35. Qh3 Kd8 36. Rxf5 Ng6 37. hxg6 Rxh3 38. Rxf7 Qe8 39. Bxe6 Bxe6 40. Nb7+ Kc8 41. Nd6+ Kd8 42. Nxe8 Kxe8 43. Rc7 Rc8 44. Rxc8+ Bxc8 45. g7 Be6 46. g8Q+ Bxg8 47. Rxg8+ Kf7 48. Rg3 Rh2 49. Rf3 a4 50. a3 1-0

[Event "Commonwealth-ch"]
[Site "Glasgow"]
[Date "2014.07.04"]
[Round "4"]
[White "Abdulla, Murad"]
[Black "Grove, Michael"]
[Result "1-0"]
[WhiteElo "1810"]
[BlackElo "2064"]
[PlyCount "97"]
[EventDate "2014.06.30"]
[EventType "swiss"]
[EventRounds "9"]
[EventCountry "SCO"]
[SourceTitle "CBM 161 Extra"]
[Source "ChessBase"]
[SourceDate "2014.08.29"]
[SourceVersion "1"]
[SourceVersionDate "2014.08.29"]
[SourceQuality "1"]

1. d4 b6 2. c4 Bb7 3. Nc3 e6 4. Bf4 Nf6 5. e3 d5 6. Nf3 Bd6 7. Bxd6 Qxd6 8. cxd5 Nxd5 9. a3 Nxc3 10. bxc3 0-0 11. Bd3 Nd7 12. 0-0 e5 13. Bf5 e4 14. Nd2 Rfe8 15. Qc2 Nf6 16. Bh3 Ba6 17. c4 c5 18. Bf5 Bb7 19. d5 Qe5 20. Bh3 g5 21. g3 g4 22. Bg2 Bc8 23. Rfb1 Bd7 24. a4 Rab8 25. Ra2 Bf5 26. Rab2 h5 27. a5 Nd7 28. Qa4 bxa5 29. Rxb8 Rxb8 30. Rxb8+ Qxb8 31. Qxa5 Qb4 32. Qa2 Ne5 33. Qxa7 Nf3+ 34. Nxf3 exf3 35. Bf1 Qb1 36. Qa8+ Kh7 37. Qa3 Qd1 38. Qc3 Bg6 39. Qa3 Qb1 40. Qc3 Bc2 41. d6 Bf5 42. Qe5 Kg6 43. Qd5 Be6 44. Qxc5 Qd1 45. Qd4 Qa4 46. c5 Bd7 47. Qxa4 Bxa4 48. Bc4 Bc6 49. e4 1-0

[Event "Purticciu op 1st"]
[Site "Grosseto Prugna"]
[Date "2014.05.10"]
[Round "6"]
[White "Kurayan, Ruslan"]
[Black "Grove, Michael"]
[Result "1-0"]
[WhiteElo "2393"]
[BlackElo "2050"]
[PlyCount "119"]
[EventDate "2014.05.06"]
[EventType "swiss"]
[EventRounds "7"]
[EventCountry "FRA"]
[SourceTitle "CBM 160 Extra"]
[Source "ChessBase"]
[SourceDate "2014.07.01"]
[SourceVersion "1"]
[SourceVersionDate "2014.07.01"]
[SourceQuality "1"]

1. e4 e5 2. Nf3 Nc6 3. d4 exd4 4. Nxd4 Bb4+ 5. c3 Bc5 6. Be3 Bb6 7. Qg4 Nf6 8. Qxg7 Rg8 9. Qh6 d5 10. Bb5 Bd7 11. Bxc6 bxc6 12. e5 Rg6 13. Qh4 Ng4 14. Qxd8+ Rxd8 15. Bf4 c5 16. Nf3 f6 17. 0-0 fxe5 18. Nxe5 Nxe5 19. Bxe5 Kf7 20. Nd2 Bf5 21. Rad1 Bc2 22. Rc1 Bf5 23. Rfd1 Re8 24. Re1 Rge6 25. f4 Rg8 26. Kf2 Rge8 27. Nf3 h6 28. h3 Be4 29. g4 R6e7 30. Kg3 a6 31. Re2 Bd3 32. Rd2 Be4 33. Re1 Re6 34. Rde2 R6e7 35. Rxe4 dxe4 36. Rxe4 Rd8 37. f5 Rd3 38. h4 c6 39. Kf4 Rd1 40. g5 Rf1 41. g6+ Kg8 42. Bd6 Rxe4+ 43. Kxe4 Bd8 44. Bxc5 Bf6 45. a4 Rd1 46. Bd4 Kg7 47. b4 Ra1 48. a5 Rd1 49. Bxf6+ Kxf6 50. Nd4 Re1+ 51. Kd3 Rh1 52. Nxc6 Rxh4 53. Nb8 h5 54. Nxa6 Rh3+ 55. Kd4 h4 56. Nc7 Rd3+ 57. Kxd3 h3 58. Nd5+ Kg7 59. f6+ Kf8 60. Ne7 1-0

[Event "Lille Luce op 5th"]
[Site "Lille"]
[Date "2014.05.03"]
[Round "8"]
[White "Sargissyan, Sargis"]
[Black "Grove, Michael"]
[Result "1-0"]
[WhiteElo "2283"]
[BlackElo "2071"]
[PlyCount "71"]
[EventDate "2014.04.28"]
[EventType "swiss"]
[EventRounds "9"]
[EventCountry "FRA"]
[SourceTitle "CBM 160 Extra"]
[Source "ChessBase"]
[SourceDate "2014.07.01"]
[SourceVersion "1"]
[SourceVersionDate "2014.07.01"]
[SourceQuality "1"]

1. e4 e5 2. Nf3 Nc6 3. Bb5 a6 4. Ba4 Nf6 5. 0-0 Be7 6. Re1 b5 7. Bb3 0-0 8. d4 Nxd4 9. Nxd4 exd4 10. e5 Ne8 11. c3 dxc3 12. Nxc3 d6 13. Bd5 Rb8 14. Be3 c5 15. exd6 Bxd6 16. Bxc5 Qc7 17. Bxd6 Nxd6 18. Rc1 Qb6 19. Qf3 Bf5 20. Bb3 Be6 21. Nd5 Bxd5 22. Bxd5 Ne8 23. Re7 Qf6 24. Qxf6 Nxf6 25. Bb3 Rbe8 26. Rcc7 a5 27. a3 h6 28. h3 Kh7 29. Bxf7 Rxe7 30. Rxe7 Rd8 31. Re5 Rd1+ 32. Kh2 Rd2 33. Rxb5 Rxf2 34. b3 Ne4 35. Bc4 Rd2 36. Rxa5 1-0

[Event "Lille Luce op 5th"]
[Site "Lille"]
[Date "2014.05.01"]
[Round "5"]
[White "Sadikhov, Ulvi Ramil Oglu"]
[Black "Grove, Michael"]
[Result "1/2-1/2"]
[WhiteElo "2289"]
[BlackElo "2071"]
[PlyCount "100"]
[EventDate "2014.04.28"]
[EventType "swiss"]
[EventRounds "9"]
[EventCountry "FRA"]
[SourceTitle "CBM 160 Extra"]
[Source "ChessBase"]
[SourceDate "2014.07.01"]
[SourceVersion "1"]
[SourceVersionDate "2014.07.01"]
[SourceQuality "1"]

1. e4 e5 2. Nf3 Nc6 3. Bc4 Nf6 4. d3 Bc5 5. c3 a6 6. Bb3 Ba7 7. Nbd2 d6 8. h3 h6 9. Nf1 Be6 10. Ng3 d5 11. Qe2 Qd6 12. 0-0 0-0-0 13. exd5 Nxd5 14. Re1 f6 15. d4 Rhe8 16. dxe5 Nxe5 17. Nxe5 fxe5 18. Ne4 Qf8 19. Bxd5 Bxd5 20. Be3 Bxe4 21. Bxa7 Bd3 22. Qg4+ Bf5 23. Qa4 Qf6 24. Be3 Qg6 25. Kh2 Be4 26. Rg1 Qf5 27. Qc4 g5 28. Rad1 g4 29. Rxd8+ Rxd8 30. h4 Kb8 31. b4 Qf6 32. g3 Qf3 33. Qf1 h5 34. a4 Rd3 35. Qe1 Bc6 36. b5 axb5 37. axb5 Bxb5 38. Qb1 Qd5 39. Qb4 Bc6 40. c4 Qf3 41. Qe1 Be4 42. Qc1 Kc8 43. Qe1 Rb3 44. Bc1 Rd3 45. Be3 Bc6 46. Qc1 Qe4 47. c5 Qf3 48. Qc4 Rxe3 49. Qg8+ Kd7 50. Qg7+ Kc8 1/2-1/2

[Event "Budapest FS02 FM-A"]
[Site "Budapest"]
[Date "2014.02.09"]
[Round "9"]
[White "Grove, Michael"]
[Black "Terbe, Zsuzsanna"]
[Result "1-0"]
[WhiteElo "2091"]
[BlackElo "2029"]
[PlyCount "55"]
[EventDate "2014.02.01"]
[EventType "tourn"]
[EventRounds "11"]
[EventCountry "HUN"]
[SourceTitle "CBM 158 Extra"]
[Source "ChessBase"]
[SourceDate "2014.02.28"]
[SourceVersion "1"]
[SourceVersionDate "2014.02.28"]
[SourceQuality "1"]

1. e4 c5 2. Nc3 Nc6 3. Bb5 Nd4 4. Bc4 g6 5. Nf3 Bg7 6. 0-0 e6 7. Nxd4 cxd4 8. Nb5 Qb6 9. c3 e5 10. Qf3 Nh6 11. d3 0-0 12. cxd4 exd4 13. Bf4 d5 14. exd5 Bd7 15. Bc7 Qf6 16. Qxf6 Bxf6 17. Rfe1 a6 18. Nd6 b5 19. Bb3 Nf5 20. Ne4 Bg7 21. Nc5 Rfc8 22. Bb6 Be8 23. Ne4 a5 24. a4 Ra6 25. Bc5 Bf8 26. d6 Nxd6 27. Nf6+ Kg7 28. Bxd6 1-0